[Event "USA-ch15 fin corr"]
[Site "USA"]
[Date "2003.??.??"]
[Round "?"]
[White "Fisher, Eugene H"]
[Black "Dunne, Alex"]
[Result "0-1"]
[WhiteElo "2420"]
[BlackElo "2306"]
[PlyCount "64"]
[EventDate "2003.06.10"]
[EventType "tourn (corr)"]
[EventRounds "14"]
[EventCountry "USA"]
[SourceTitle "Corr 2006"]
[Source "ChessBase"]
[SourceDate "2006.04.01"]
[SourceVersion "3"]
[SourceVersionDate "2006.04.01"]
[SourceQuality "1"]

1. d4 Nf6 2. c4 e6 3. Nc3 Bb4 4. Qc2 0-0 5. a3 Bxc3+ 6. Qxc3 Ne4 7. Qc2 f5 8. Nh3 Nc6 9. e3 d6 10. f3 Ng5 11. Nf2 e5 12. d5 Ne7 13. Bd3 e4 14. fxe4 fxe4 15. Nxe4 Ng6 16. Ng3 Ne5 17. e4 Bg4 18. Be2 Qf6 19. Be3 Qg6 20. c5 Bxe2 21. Kxe2 dxc5 22. Bxc5 Rf4 23. Be3 Nxe4 24. Bxf4 Nxg3+ 25. Kd2 Nxh1 26. Qxg6 Nxg6 27. Be3 Nh4 28. Rxh1 Nxg2 29. Rg1 Nxe3 30. Kxe3 Rd8 31. Rc1 Rxd5 32. Rxc7 Rh5 0-1

[Event "USA-ch15 prel 02 corr"]
[Site "USA"]
[Date "2000.06.20"]
[Round "?"]
[White "Fisher, Eugene H"]
[Black "Morss, Mark F"]
[Result "1-0"]
[WhiteElo "2314"]
[BlackElo "2425"]
[PlyCount "51"]
[EventDate "2000.06.20"]
[EventType "tourn (corr)"]
[EventRounds "12"]
[EventCountry "USA"]
[SourceTitle "Corr 2006"]
[Source "ChessBase"]
[SourceDate "2006.04.01"]
[SourceVersion "3"]
[SourceVersionDate "2006.04.01"]
[SourceQuality "1"]

1. d4 f5 2. g3 Nf6 3. Bg2 g6 4. Nf3 Bg7 5. 0-0 0-0 6. b3 d6 7. Bb2 Qe8 8. c4 Na6 9. Qc2 Rb8 10. Nc3 c6 11. Rae1 b5 12. cxb5 cxb5 13. e4 Nb4 14. Qd2 fxe4 15. Nxe4 Nxe4 16. Rxe4 Bf5 17. Re3 Nd5 18. Re2 Bg4 19. Ng5 Bxe2 20. Bxd5+ Kh8 21. Qxe2 Rf5 22. Ne6 Rxd5 23. Nc7 Qf7 24. Nxd5 Qxd5 25. Qxe7 h6 26. Rc1 1-0

[Event "USA-ch15 prel 02 corr"]
[Site "USA"]
[Date "2000.06.20"]
[Round "?"]
[White "Fisher, Eugene H"]
[Black "Ryan, Patrick J"]
[Result "1-0"]
[WhiteElo "2314"]
[BlackElo "2272"]
[PlyCount "61"]
[EventDate "2000.06.20"]
[EventType "tourn (corr)"]
[EventRounds "12"]
[EventCountry "USA"]
[SourceTitle "Corr 2006"]
[Source "ChessBase"]
[SourceDate "2006.04.01"]
[SourceVersion "3"]
[SourceVersionDate "2006.04.01"]
[SourceQuality "1"]

1. d4 Nf6 2. c4 e6 3. Nc3 Bb4 4. Qc2 d5 5. cxd5 exd5 6. Bg5 h6 7. Bh4 Nc6 8. e3 0-0 9. Bd3 Be6 10. Nf3 Be7 11. a3 a6 12. 0-0 Rc8 13. b4 Bg4 14. Qb3 Be6 15. Na4 Ne4 16. Bxe7 Qxe7 17. Rfc1 Rfe8 18. Bxa6 Nxd4 19. Nxd4 bxa6 20. Nc5 Nxc5 21. Rxc5 Red8 22. Rac1 Rd6 23. Qc2 Rd7 24. Qa4 Rd6 25. Qa5 Rb6 26. Rc6 Qd7 27. R1c5 Kh7 28. f3 Rxc6 29. Rxc6 Qe8 30. Qxa6 Bd7 31. Qd3+ 1-0

[Event "USA-ch15 prel 02 corr"]
[Site "USA"]
[Date "2000.06.20"]
[Round "?"]
[White "Sibbett, Donald J"]
[Black "Fisher, Eugene H"]
[Result "1/2-1/2"]
[WhiteElo "2331"]
[BlackElo "2314"]
[PlyCount "59"]
[EventDate "2000.06.20"]
[EventType "tourn (corr)"]
[EventRounds "12"]
[EventCountry "USA"]
[SourceTitle "Corr 2006"]
[Source "ChessBase"]
[SourceDate "2006.04.01"]
[SourceVersion "3"]
[SourceVersionDate "2006.04.01"]
[SourceQuality "1"]

1. e4 c6 2. d4 d5 3. exd5 cxd5 4. c4 Nf6 5. Nc3 e6 6. Nf3 Bb4 7. cxd5 Nxd5 8. Bd2 Be7 9. Bb5+ Nc6 10. 0-0 0-0 11. Rc1 Nxc3 12. bxc3 Qd5 13. c4 Qd8 14. Bc3 Qc7 15. Re1 a6 16. Bxc6 bxc6 17. Qd2 a5 18. Rb1 Rd8 19. Re5 c5 20. Rb5 Rd7 21. d5 Ba6 22. Rxa5 Qb7 23. Qe1 exd5 24. Rxd5 Rxd5 25. cxd5 Qd7 26. Nd2 Bb7 27. Nc4 Qxd5 28. Rxa8+ Bxa8 29. f3 Bf8 30. Qe2 1/2-1/2

[Event "USA-ch15 prel 02 corr"]
[Site "USA"]
[Date "2000.06.20"]
[Round "?"]
[White "Wright, Allen W"]
[Black "Fisher, Eugene H"]
[Result "0-1"]
[WhiteElo "2069"]
[BlackElo "2314"]
[PlyCount "48"]
[EventDate "2000.06.20"]
[EventType "tourn (corr)"]
[EventRounds "12"]
[EventCountry "USA"]
[SourceTitle "Corr 2006"]
[Source "ChessBase"]
[SourceDate "2006.04.01"]
[SourceVersion "3"]
[SourceVersionDate "2006.04.01"]
[SourceQuality "1"]

1. e4 c6 2. d4 d5 3. e5 Bf5 4. Nc3 e6 5. g4 Bg6 6. Nge2 Ne7 7. Be3 h5 8. Nf4 hxg4 9. Nxg6 Nxg6 10. Bd3 Nh4 11. Qxg4 g6 12. 0-0-0 Be7 13. Kb1 Nd7 14. Ne2 b5 15. Nf4 Qb6 16. Nh3 c5 17. dxc5 Bxc5 18. Bxc5 Nxc5 19. f4 Nxd3 20. Rxd3 Nf5 21. Ng5 Rh4 22. Qf3 Rc8 23. c3 b4 24. Rc1 Rxh2 0-1